000 00502nam a22001817a 4500
005 20171106150415.0
010 _aENG-121242
020 _c100.00
_a9789350451212
035 _aEN-104774
037 _bDBAD/PUB
082 _a881
100 _aGeorge,Annie
245 _aDe-stresing /
_cby Annie George
260 _aCalcutta
_bA Writers Workshop Publication
_c2015
270 _a162/92 Lake Gardens
_bCalcutta
_e700045
300 _a48p.
_c22cm(Hb)
942 _2ddc
_cEN
_h881
_mGEO
999 _c147205
_d147205